000
00298nam a2200133Ia 4500
100
_a
Lawrence/David
942
_c
BK
654
_a
programming
245
_a
Advanced programming techniques
260
_b
Sunshine Books
_a
London
_c
1983
082
_a
1.642
_b
LAW
300
_a
174
546
_a
ENGLISH
999
_c
32985
_d
32985